[Event "BCF-chT4 2223 (4NCL)"]
[Site "England"]
[Date "2023.04.30"]
[Round "10.146"]
[White "Simmons, Michael W"]
[Black "Coates, Christine"]
[Result "1/2-1/2"]
[WhiteElo "1152"]
[BlackElo "1297"]
[PlyCount "41"]
[EventDate "2022.11.05"]
[EventType "team-swiss"]
[EventRounds "11"]
[EventCountry "ENG"]
[SourceTitle "EXT 2024"]
[Source "ChessBase"]
[SourceDate "2023.10.10"]
[SourceVersion "1"]
[SourceVersionDate "2023.10.10"]
[SourceQuality "1"]
[WhiteTeam "Deaf England"]
[BlackTeam "Crowthorne II"]
[WhiteTeamCountry "ENG"]
[BlackTeamCountry "ENG"]

1. d4 d5 2. c4 c6 3. Nf3 Nf6 4. e3 Bg4 5. Nbd2 e6 6. a3 Be7 7. Be2 Nbd7 8. 0-0 0-0 9. cxd5 cxd5 10. b4 a6 11. Bb2 Rc8 12. Rc1 b5 13. Rxc8 Qxc8 14. Qc1 Nb6 15. Qxc8 Rxc8 16. h3 Bxf3 17. Nxf3 Bd6 18. Bd3 h6 19. Rc1 Rxc1+ 20. Bxc1 Kf8 21. Kf1 1/2-1/2

[Event "BCF-chT4 2223 (4NCL)"]
[Site "England"]
[Date "2023.02.05"]
[Round "6.125"]
[White "Simmons, Michael W"]
[Black "Dairi, Mahmoud"]
[Result "1/2-1/2"]
[WhiteElo "1152"]
[BlackElo "1000"]
[PlyCount "31"]
[EventDate "2022.11.05"]
[EventType "team-swiss"]
[EventRounds "11"]
[EventCountry "ENG"]
[SourceTitle "EXT 2024"]
[Source "ChessBase"]
[SourceDate "2023.10.10"]
[SourceVersion "1"]
[SourceVersionDate "2023.10.10"]
[SourceQuality "1"]
[WhiteTeam "Deaf England"]
[BlackTeam "Watford II"]
[WhiteTeamCountry "ENG"]
[BlackTeamCountry "ENG"]

1. d4 f5 2. Nf3 e6 3. c3 Nf6 4. Bf4 Be7 5. h3 b6 6. e3 Bb7 7. Be2 0-0 8. 0-0 d6 9. Bc4 d5 10. Be2 Ne4 11. Nbd2 Nd7 12. Bb5 c6 13. Be2 Ndf6 14. Ne5 Nd7 15. Ndf3 Nxe5 16. Bxe5 1/2-1/2

[Event "BCF-chT4 2223 (4NCL)"]
[Site "England"]
[Date "2023.02.04"]
[Round "5.145"]
[White "Simmons, Michael W"]
[Black "Cann, Harriet"]
[Result "1-0"]
[WhiteElo "1152"]
[BlackElo "555"]
[PlyCount "55"]
[EventDate "2022.11.05"]
[EventType "team-swiss"]
[EventRounds "11"]
[EventCountry "ENG"]
[SourceTitle "EXT 2024"]
[Source "ChessBase"]
[SourceDate "2023.10.10"]
[SourceVersion "1"]
[SourceVersionDate "2023.10.10"]
[SourceQuality "1"]
[WhiteTeam "Deaf England"]
[BlackTeam "Cambridge University II"]
[WhiteTeamCountry "ENG"]
[BlackTeamCountry "ENG"]

1. d4 d5 2. c4 dxc4 3. e3 Nc6 4. Bxc4 Nf6 5. Nf3 Bg4 6. Nbd2 e6 7. a3 Bd6 8. 0-0 0-0 9. Be2 e5 10. dxe5 Bxe5 11. Qc2 Bxf3 12. Nxf3 Ng4 13. Rd1 Bxh2+ 14. Nxh2 Nxh2 15. Rxd8 Rfxd8 16. Kxh2 b5 17. Qxc6 g5 18. Qxb5 Re8 19. Qxg5+ Kf8 20. Bb5 Rad8 21. Bxe8 Kxe8 22. Qe5+ Kd7 23. b4 f5 24. Bb2 Kc8 25. Qxf5+ Kb8 26. Qc5 Kc8 27. Rc1 a6 28. Qxc7# 1-0

[Event "Harrogate 4NCL op-C 29th"]
[Site "Harrogate"]
[Date "2023.01.21"]
[Round "2"]
[White "Simmons, Michael W"]
[Black "Weldon, James"]
[Result "0-1"]
[WhiteElo "1152"]
[BlackElo "1491"]
[PlyCount "50"]
[EventDate "2023.01.20"]
[EventType "swiss"]
[EventRounds "5"]
[EventCountry "ENG"]
[SourceTitle "CBM 212 Extra"]
[Source "ChessBase"]
[SourceDate "2023.03.31"]
[SourceVersion "1"]
[SourceVersionDate "2023.03.31"]
[SourceQuality "1"]

1. d4 g6 2. Nf3 d5 3. e3 Nf6 4. Nc3 Bg4 5. Be2 c6 6. 0-0 h5 7. h3 Bf5 8. Bd3 Ne4 9. Bd2 Bh6 10. Na4 b6 11. Bb4 a5 12. Ba3 b5 13. Nc5 b4 14. Bxb4 axb4 15. Qe1 g5 16. Nb7 Qc7 17. Qxb4 g4 18. Nh4 Be6 19. a3 Bg5 20. Bxe4 dxe4 21. g3 gxh3 22. f4 Bxh4 23. gxh4 Rg8+ 24. Kf2 Na6 25. Qa5 Qxb7 0-1

[Event "Harrogate 4NCL op-C 29th"]
[Site "Harrogate"]
[Date "2023.01.20"]
[Round "1"]
[White "Ainsley, Geoff J"]
[Black "Simmons, Michael W"]
[Result "1-0"]
[WhiteElo "1562"]
[BlackElo "1152"]
[PlyCount "35"]
[EventDate "2023.01.20"]
[EventType "swiss"]
[EventRounds "5"]
[EventCountry "ENG"]
[SourceTitle "CBM 212 Extra"]
[Source "ChessBase"]
[SourceDate "2023.03.31"]
[SourceVersion "1"]
[SourceVersionDate "2023.03.31"]
[SourceQuality "1"]

1. e4 c5 2. Nf3 d6 3. d4 Nf6 4. Nc3 a6 5. dxc5 Nbd7 6. cxd6 exd6 7. Bf4 Nc5 8. Qd4 Be7 9. 0-0-0 Ng4 10. h3 Bf6 11. e5 dxe5 12. Qxc5 Qe7 13. Qxe7+ Bxe7 14. Bg3 Nf6 15. Bxe5 Bc5 16. Bxf6 gxf6 17. Nd5 Bd6 18. Nxf6+ 1-0